[Event "Klatovy op-B 24th"]
[Site "Klatovy"]
[Date "2018.07.04"]
[Round "5"]
[White "Krisman, Ondrej"]
[Black "Stanke, Petr"]
[Result "0-1"]
[WhiteElo "1566"]
[BlackElo "1378"]
[PlyCount "76"]
[EventDate "2018.06.30"]
[EventType "swiss"]
[EventRounds "9"]
[EventCountry "CZE"]
[SourceTitle "CBM 185 Extra"]
[Source "ChessBase"]
[SourceDate "2018.07.29"]
[SourceVersion "1"]
[SourceVersionDate "2018.07.29"]
[SourceQuality "1"]

1. e4 e6 2. d4 d5 3. Nc3 Nf6 4. Bg5 Be7 5. e5 Nfd7 6. Bxe7 Qxe7 7. Bd3 a6 8. Qg4 0-0 9. Nf3 h6 10. 0-0 c5 11. Qf4 f6 12. Qh4 cxd4 13. exf6 Qxf6 14. Qxf6 Rxf6 15. Nxd4 Nc6 16. Nxc6 bxc6 17. b4 a5 18. a3 Ne5 19. Be2 Ba6 20. Bxa6 Rxa6 21. b5 Rb6 22. a4 Kf7 23. Rab1 cxb5 24. axb5 Nc4 25. Na4 Rb8 26. Nc5 Ke7 27. Na6 Rb6 28. Nc5 Nd2 29. Na4 Rb8 30. b6 Nxb1 31. Rxb1 Rf4 32. Nc5 Rb4 33. Rxb4 axb4 34. b7 Kd6 35. Nb3 Rxb7 36. g3 Rc7 37. Nd4 Rc4 38. Nb5+ Ke5 0-1

[Event "Klatovy op-B 23rd"]
[Site "Klatovy"]
[Date "2017.07.08"]
[Round "8"]
[White "Stanke, Petr"]
[Black "Vasko, Pavel"]
[Result "0-1"]
[WhiteElo "1284"]
[BlackElo "1578"]
[PlyCount "74"]
[EventDate "2017.07.01"]
[EventType "swiss"]
[EventRounds "9"]
[EventCountry "CZE"]
[SourceTitle "EXT 2018"]
[Source "ChessBase"]
[SourceDate "2017.10.13"]
[SourceVersion "1"]
[SourceVersionDate "2017.10.13"]
[SourceQuality "1"]

1. e4 e5 2. Nf3 Nf6 3. Nxe5 d6 4. Nf3 Nxe4 5. Nc3 Nxc3 6. dxc3 Be7 7. Be3 0-0 8. Qd2 b6 9. 0-0-0 Bb7 10. Bd3 Nd7 11. h3 Bf6 12. Rdg1 Qe7 13. Nd4 Nc5 14. Bf5 g6 15. Bg4 Ne6 16. Rh2 c5 17. Ne2 Rfd8 18. f4 Ng7 19. Rf1 a5 20. Bf3 b5 21. g4 Bxf3 22. Rxf3 Qb7 23. Rg3 Bh4 24. Rg1 Qc7 25. Qd5 Qe7 26. Qf3 d5 27. f5 b4 28. Bd2 Ra6 29. Nf4 Qd6 30. Re2 Bg5 31. Rd1 bxc3 32. bxc3 d4 33. cxd4 cxd4 34. Nd3 Qa3+ 35. Kb1 Rb8+ 36. Ka1 Bxd2 37. Rexd2 Qc3+ 0-1

[Event "Klatovy op-B 22nd"]
[Site "Klatovy"]
[Date "2016.07.09"]
[Round "8"]
[White "Stanke, Petr"]
[Black "Jedlicka, Pavel"]
[Result "0-1"]
[WhiteElo "1239"]
[BlackElo "1548"]
[PlyCount "116"]
[EventDate "2016.07.02"]
[EventType "swiss"]
[EventRounds "9"]
[EventCountry "CZE"]
[SourceTitle "EXT 2019"]
[Source "ChessBase"]
[SourceDate "2018.10.10"]
[SourceVersion "1"]
[SourceVersionDate "2018.10.10"]
[SourceQuality "1"]

1. e4 c6 2. d4 d6 3. Bd3 Nf6 4. Bf4 Bg4 5. Qd2 Nbd7 6. h3 Bh5 7. c3 e5 8. Bh2 Bg6 9. Qc2 Qb6 10. Nf3 Bh5 11. Nbd2 exd4 12. Nxd4 Nc5 13. Nf5 d5 14. exd5 Nxd3+ 15. Qxd3 0-0-0 16. Nc4 Re8+ 17. Kd2 Qxf2+ 18. Kc1 Re1+ 19. Rxe1 Qxe1+ 20. Kc2 Qxa1 21. Nfd6+ Bxd6 22. Nxd6+ Kb8 23. Nxf7+ Ka8 24. Nxh8 Nxd5 25. c4 Bd1+ 26. Kd2 Qxb2+ 27. Kxd1 Qa1+ 28. Ke2 Qb2+ 29. Qd2 Nc3+ 30. Kd3 Qxd2+ 31. Kxd2 Nxa2 32. Bd6 b6 33. Kc2 c5 34. Kb3 Nb4 35. Nf7 Kb7 36. Ka4 Nc2 37. Ne5 a6 38. Bf8 g6 39. Kb3 Nd4+ 40. Kc3 Ne6 41. Bd6 Nf4 42. g4 Nxh3 43. Nf3 Nf2 44. Bf4 Nxg4 45. Ng5 h6 46. Ne4 Kc6 47. Bg3 Ne3 48. Nd2 b5 49. cxb5+ axb5 50. Nb3 Nd5+ 51. Kd2 c4 52. Nd4+ Kc5 53. Be5 h5 54. Kc2 h4 55. Nf3 Ne3+ 56. Kc3 b4+ 57. Kb2 h3 58. Bd4+ Kd5 0-1

[Event "Klatovy op-B 22nd"]
[Site "Klatovy"]
[Date "2016.07.08"]
[Round "7"]
[White "Vasko, Pavel"]
[Black "Stanke, Petr"]
[Result "1-0"]
[WhiteElo "1619"]
[BlackElo "1239"]
[PlyCount "50"]
[EventDate "2016.07.02"]
[EventType "swiss"]
[EventRounds "9"]
[EventCountry "CZE"]
[SourceTitle "EXT 2019"]
[Source "ChessBase"]
[SourceDate "2018.10.10"]
[SourceVersion "1"]
[SourceVersionDate "2018.10.10"]
[SourceQuality "1"]

1. e4 e6 2. d4 d5 3. e5 c5 4. c3 Nc6 5. Nf3 Bd7 6. Bd3 Qb6 7. Bc2 f6 8. 0-0 Rc8 9. b3 Be7 10. Be3 Na5 11. dxc5 Qa6 12. b4 Nc4 13. Bd4 Qb5 14. a4 Qa6 15. Nbd2 Nb2 16. Qb1 Nxa4 17. Bd3 Bb5 18. Bxb5+ Qxb5 19. Qb3 fxe5 20. Bxe5 Nxc5 21. bxc5 Qxb3 22. Nxb3 Bxc5 23. Nxc5 Rxc5 24. Bd4 Rc7 25. Rxa7 Nf6 1-0